| 000 | 01042nam a2200145Ia 4500 | ||
|---|---|---|---|
| 005 | 20260209120133.0 | ||
| 008 | 260209s9999||||xx |||||||||||||| ||und|| | ||
| 100 | _aVishwendra Panwar | ||
| 245 | 0 | _aDerogation from human rights treaties in times of emergency | |
| 260 |
_aBangaloreBangalore _bNLSIU _c2014 |
||
| 300 | _a93 p. ; 25 cm. | ||
| 505 | _aTable of Contents CHAPTER I-; GENERAL OVERVIEW OF DEROGATIONS ; A) Introduction; CHAPTER II-; PRINCIPLES INVOLVED IN DEROGATIONS; A) Emergency threatening the life of the nation or times of war-; B) Principle of Proportionality-; C) Consistency with International Law-; 0) Principle of Non-Discrimination-; E) The requirements of proclamation and notification; F) Non- Derogable rights ; CHAPTER III; INTERPRETATION BY INTERNATIONAL MONITORING BODIES; A) Human Rights committee-; B) Inter-American Court of Human rights-; C) European Court of Human rights; Conclusion. | ||
| 700 | _aProf. H K Nagaraj - GuideProf. H K Nagaraj - Guide | ||
| 856 | _uhttps://dans.nls.ac.in/handle/123456789/1754 | ||
| 999 |
_c217139 _d217139 |
||